000
00299nam a22001217a 4500
008
160512b xxu||||| |||| 00| 0 eng d
020
_a
036389003950
020
_a
0812881834
041
_a
eng
080
_a
616.12
245
_a
Bypassing bypass:
_c
Elmer Cranton M.D; Arline Brecher;
942
_2
udc
_c
BK
999
_c
2138
_d
2138